Moby Dick / Herman Melville

Novela de aventura, gira en torno a la persecución de una gran ballena llamada Moby Dick, la cual ha dejado sin una pierna al Capitán Ahab, un viejo lobo de mar que desea venganza, asimismo, Ismael un personaje secundario, que tomará un rol protagónico como narrador de la historia, detalla cada uno...

Πλήρης περιγραφή

Αποθηκεύτηκε σε:
Λεπτομέρειες βιβλιογραφικής εγγραφής
Κύριος συγγραφέας: Melville, Herman
Μορφή: Βιβλίο
Γλώσσα:Undetermined
Έκδοση: Londres, Inglaterra Penguin Books 1978
Θέματα:
Ετικέτες: Προσθήκη ετικέτας
Δεν υπάρχουν, Καταχωρήστε ετικέτα πρώτοι!

MARC

LEADER 00000nam a2200000Ia 4500
008 170316s9999 xx 000 0 und d
040 |a cru BVZT 
090 |a 810 M-34mo 
100 |a Melville, Herman 
245 |a Moby Dick / Herman Melville 
260 |a Londres, Inglaterra 
260 |b Penguin Books 
260 |c 1978 
300 |a 1011 páginas 
520 |a Novela de aventura, gira en torno a la persecución de una gran ballena llamada Moby Dick, la cual ha dejado sin una pierna al Capitán Ahab, un viejo lobo de mar que desea venganza, asimismo, Ismael un personaje secundario, que tomará un rol protagónico como narrador de la historia, detalla cada uno de los inconvenientes que se les presentan para poder capturar al gran animal. La obra escrita en 1851 por Herman Melville, se ha convertido en uno de los principales clásicos de la literatura estadounidense, debido a que es un escrito con múltiples simbolismos, que aluden a la obsesión, rencor, política, pragmatismo y racismo. 
650 |a LITERATURA ESTADOUNIDENSE  |9 25 
650 |a NOVELA DE AVENTURA 
650 |a FICCIÓN  |9 26 
650 |a EN IDIOMA INGLÉS  |9 129 
999 |c 5920  |d 5920 
942 |c 15 D  |h 810 M-34mo  |2 z